Janus Weathercock : the life of Thomas Griffiths Wainewright, 1794-1847 /

Uloženo v:
Podrobná bibliografie
Hlavní autor: Curling, Jonathan
Médium: Kniha
Jazyk:English
Vydáno: London : Nelson, 1938.
Témata:
LEADER 01197nam a2200325 a 4500
001 c000337795
003 CARM
005 20020204194047.0
008 851220s1938 enkacf b 001 0beng d
019 1 |a 2232066  |z 42730391  |5 LACONCORD2021 
035 |a (OCoLC)220041770  |5 LACONCORD2021 
040 |a NUN  |b eng  |c NUN  |d VVUT  |d VU  |d NUN 
043 |a u-at--- 
082 0 4 |a 824.7 
082 0 4 |a 759.9946  |2 21 
082 0 4 |a 923.4142  |2 21 
082 0 4 |a 824.7 
100 1 |a Curling, Jonathan. 
245 1 0 |a Janus Weathercock :  |b the life of Thomas Griffiths Wainewright, 1794-1847 /  |c by Jonathan Curling. 
260 |a London :  |b Nelson,  |c 1938. 
300 |a 415 p., xviii leaves of plates :  |b ill., ports. ;  |c 23 cm. 
500 |a Includes index. 
500 |a Bibliography: p. 399-404. 
504 |a Includes bibliography (p.399-404). 
600 1 0 |a Wainewright, Thomas Griffiths,  |d 1794-1847. 
650 0 |a Art critics  |x Biography. 
650 0 |a Poisoners  |x Biography. 
852 8 |b CARM  |h A1:AM26C0  |i B09591  |p 0434534  |f BK 
999 f f |i d03a38f9-5555-5838-a6c2-994a7546bed2  |s 85d8ff5b-cfed-5680-957f-de1a11b27ec6 
952 f f |p Can circulate  |a CAVAL  |b CAVAL  |c CAVAL  |d CARM 1 Store  |e B09591  |f A1:AM26C0  |h Other scheme  |i book  |m 0434534